[Event "Mondiale Lampo FIDE 2019"]
[Site "Mosca"]
[Date "30.12.2019"]
[Round "21.71"]
[White "Donchenko, Alexander"]
[Black "Baron, Tal"]
[Result "*"]
[WhiteTitle "GM"]
[BlackTitle "GM"]
[WhiteElo "2644"]
[BlackElo "2541"]
[WhiteFideId "24603295"]
[BlackFideId "2809958"]
[EventDate "2019.12.29"]

1. e4 c5 2. Nc3 Nc6 3. g3 g6 4. Bg2 Bg7 5. d3 d6 6. Be3 Rb8 7. Qd2 b5 8. Nge2 b4
9. Nd1 Qb6 10. O-O Nd4 11. Nc1 h5 12. c3 bxc3 13. bxc3 Nc6 14. h3 Nf6 15. Ne2 h4
16. g4 Nxg4 17. hxg4 h3 18. Bxh3 Rxh3 19. f3 Ne5 20. Kg2 Rh8 21. Nf2 Ba6 22. Rh1
Kd7 23. Nf4 e6 24. Ne2 Qb2 25. Rxh8 Bxh8 26. Rd1 Qxd2 27. Rxd2 Rb1 28. f4 Nc6
29. Rc2 Ra1 30. Nc1 f5 31. gxf5 gxf5 32. Bxc5 Rxc1 33. Rxc1 dxc5 34. c4 Bd4 35.
Rh1 Nb4 36. Rh7+ Kc6 37. Rxa7 Bb7 38. Ra3 Nc2 39. Rb3 Kc7 40. Kf1 Bxf2 41. Kxf2
fxe4 42. dxe4 Bxe4 43. a4 Nd4 44. Rb2 Bd3 45. Ke3 Bxc4 46. Ke4 Kd6 47. a5 Bd5+
48. Ke3 Nf5+ 49. Kd2 Bc4 50. a6 Bxa6 51. Rb6+ Kd5 52. Rxa6 c4 53. Kc3 Nd6 54.
Ra5+ Ke4 55. Re5+ Kxf4 56. Rxe6 Nf7 57. Kxc4 Ne5+ 58. Kd4 Nf3+ 59. Kd5 Kg3 60.
Rf6 Nd2 61. Kd4 Nf3+ 62. Ke4 Ng5+ 63. Ke3 Kg4 64. Rf4+ Kg3 65. Rc4 Nf3 66. Rc5
Kg4 67. Rc4+ Kg3 68. Ke2 Ng5 69. Rb4 Ne6 70. Ke3 Ng5 71. Rb6 Kg4 72. Rf6 Nh7 73.
Rf7 Ng5 74. Rf8 Ne6 75. Rf6 Ng5 76. Rf4+ Kg3 77. Rf6 Kg4 78. Kd4 Nf3+ 79. Ke4
Ng5+ 80. Ke5 Nf3+ 81. Ke6 Ng5+ 82. Kd5 Nf3 83. Rf8 Ng5 84. Ke5 Nf3+ 85. Kf6 Kf4
86. Ra8 Ke4 87. Ra4+ Nd4 88. Rb4 Kd5 89. Ra4 Ke4 90. Ra5 Nf3 91. Ke6 Nd4+ 92.
Kd6 Nf5+ 93. Kc5 Ke5 94. Ra4 Nd6 95. Rd4 Ne4+ 96. Kc4 Nd6+ 97. Kd3 Nf5 98. Re4+
Kd5 99. Ra4 Ke5 100. Ra5+ Kf4 101. Rd5 Ne7 102. Rd6 Nf5 103. Re6 Ng3 104. Rf6+
Ke5 105. Rg6 Nf5 106. Rg4 Nd6 107. Rd4 Nf5 108. Re4+ Kd5 109. Re1 Nd6 110. Rf1
Nc4 111. Kc3 Nd6 112. Rd1+ Ke5 113. Kb4 Ne4 114. Kc4 Nd6+ 115. Kc5 Ne4+ 116. Kc6
Nc3 117. Rd3 Ne4 118. Rd5+ Kf4 119. Rb5 Ng3 120. Kd5 Kf5 121. Rb3 Ne2 122. Rf3+
Nf4+ 123. Kd4 Kg4 124. Ke4 Ne6 125. Ke3 Kg5 126. Rf7 Kg6 127. Rf1 Nc5 128. Kf4
Kf6 129. Rd1 Ke6 130. Rd4 Nd7 131. Re4+ Kd5 132. Kf5 Nc5 133. Re1 Nb3 134. Rd1+
Nd4+ 135. Kf4 Kc4 136. Ke4 Nb5 137. Rd2 Nc3+ 138. Ke5 Nb5 139. Rd5 Nc3 140. Rd4+
Kb3 141. Rh4 Kc2 142. Kd4 Ne2+ 143. Kc4 Kd2 144. Rh3 Nf4 145. Rf3 *

[Event "Mondiale Lampo FIDE 2019"]
[Site "Mosca"]
[Date "30.12.2019"]
[Round "21.72"]
[White "Vishnu Prasanna, V"]
[Black "Bosiocic, Marin"]
[Result "1-0"]
[WhiteTitle "GM"]
[BlackTitle "GM"]
[WhiteElo "2493"]
[BlackElo "2623"]
[WhiteFideId "5030692"]
[BlackFideId "14507927"]
[EventDate "2019.12.29"]

1. d4 Nf6 2. c4 e6 3. Nc3 Bb4 4. e3 O-O 5. Bd2 d5 6. Nf3 b6 7. cxd5 exd5 8. Bd3
Bb7 9. O-O a6 10. Rc1 Be7 11. Ne2 c5 12. Ng3 Re8 13. b3 Nc6 14. Bc3 Bf8 15. Re1
Ne4 16. Bb2 Rc8 17. Bb1 g6 18. dxc5 bxc5 19. Re2 Bh6 20. Re1 Nxg3 21. hxg3 d4
22. Rxc5 dxe3 23. Qxd8 Rcxd8 24. Rc4 a5 25. fxe3 Rxe3 26. Rxe3 Bxe3+ 27. Kh2 h5
28. Be4 Rd6 29. a3 f5 30. Bc2 Ba6 31. Rc3 f4 32. b4 axb4 33. axb4 Nd4 34. Nxd4
Bxd4 35. Rb3 fxg3+ 36. Kxg3 Bb6 37. Rf3 Bc4 38. Bb3 Bxb3 39. Rxb3 Rd2 40. b5 g5
41. Bf6 Bc7+ 42. Kh3 Rd1 43. g3 g4+ 44. Kg2 Rd2+ 45. Kf1 Bb6 46. Bg5 Rd5 47. Bf4
Kf7 48. Ke2 Ke6 49. Be3 Bc7 50. Bf2 Bb8 51. b6 Kd7 52. b7 Kc6 53. Rb6+ Kd7 54.
Rb3 Ra5 55. Rb6 Re5+ 56. Kd3 Rf5 57. Bd4 Rf3+ 58. Kc4 Rxg3 59. Rh6 Rf3 60. Rxh5
Kc6 61. Rg5 g3 62. Rg7 Rf1 63. Kd3 Rb1 64. Ke4 Rb4 65. Kd3 Rb1 66. Ke2 Rb3 67.
Be3 Kd5 68. Rg4 Rxb7 69. Bf4 Rb2+ 70. Kf3 Rb3+ 71. Kg2 1-0

[Event "Mondiale Lampo FIDE 2019"]
[Site "Mosca"]
[Date "30.12.2019"]
[Round "21.73"]
[White "Pigusov, Evgeny"]
[Black "Ismagambetov, Anuar"]
[Result "1-0"]
[WhiteTitle "GM"]
[BlackTitle "GM"]
[WhiteElo "2555"]
[BlackElo "2528"]
[WhiteFideId "4100514"]
[BlackFideId "13701525"]
[EventDate "2019.12.29"]

1. Nf3 Nf6 2. c4 g6 3. g3 Bg7 4. Bg2 O-O 5. d4 c5 6. Nc3 cxd4 7. Nxd4 Nc6 8. O-O
Qa5 9. Nb3 Qh5 10. e4 d6 11. Qxh5 Nxh5 12. Nd5 Nf6 13. Bg5 Be6 14. Rac1 h6 15.
Nxf6+ exf6 16. Be3 f5 17. exf5 Bxf5 18. Rcd1 Bxb2 19. Bxh6 Rfd8 20. c5 Ba3 21.
cxd6 Rxd6 22. Rxd6 Bxd6 23. Rd1 Ba3 24. Bg5 Re8 25. Bf6 a6 26. h3 Bb4 27. g4 Be6
28. Bf3 a5 29. Nd4 Nxd4 30. Bxd4 b5 31. Bf6 Bxa2 32. Bc6 Re6 33. Rd8+ Bf8 34.
Bg5 Rxc6 35. Be7 f6 36. Rxf8+ Kg7 37. Ra8 a4 38. Ra7 Bf7 39. h4 Rc4 40. g5 fxg5
41. hxg5 Re4 42. f3 Rc4 43. Kf2 Bd5 44. Bf6+ Kf8 45. Ke3 Rb4 46. Be7+ Ke8 47.
Bxb4 Bf7 48. f4 Be6 49. Kd4 Bf5 50. Ke5 1-0

[Event "Mondiale Lampo FIDE 2019"]
[Site "Mosca"]
[Date "30.12.2019"]
[Round "21.74"]
[White "Atabayev, Maksat"]
[Black "Gasanov, Eldar"]
[Result "1-0"]
[WhiteTitle "GM"]
[BlackTitle "GM"]
[WhiteElo "2475"]
[BlackElo "2481"]
[WhiteFideId "14001101"]
[BlackFideId "14104466"]
[EventDate "2019.12.29"]

1. Nf3 d5 2. b3 c5 3. e3 Nf6 4. Bb2 Nc6 5. Bb5 Bd7 6. O-O g6 7. d3 Bg7 8. Nbd2
O-O 9. Bxc6 Bxc6 10. Be5 Rc8 11. Re1 b6 12. Qb1 Re8 13. Qb2 Bh6 14. d4 Nd7 15.
Bg3 Bg7 16. c3 Bb7 17. b4 Ba8 18. bxc5 bxc5 19. Nb3 c4 20. Nbd2 Nf6 21. Qa3 Nh5
22. Qxa7 Nxg3 23. hxg3 Rc7 24. Qa5 Qb8 25. Reb1 Qa7 26. Qxa7 Rxa7 27. a4 Bc6 28.
a5 Rea8 29. Rb6 Bd7 30. a6 Bc8 31. Ra5 e6 32. e4 Bf6 33. exd5 Bd8 34. Nxc4 exd5
35. Rxd5 Be6 36. Rxd8+ Rxd8 37. Nce5 Rda8 38. c4 Rxa6 39. Rb2 Ra1+ 40. Kh2 R1a2
41. Rxa2 Rxa2 42. d5 Bc8 43. c5 Rxf2 44. c6 Kf8 45. d6 Ke8 46. d7+ Bxd7 47.
cxd7+ Ke7 48. Ng5 f6 49. Ngf7 Rd2 50. d8=Q+ Rxd8 51. Nxd8 Kxd8 52. Nf3 Ke7 53.
g4 Ke6 54. Kg3 Kd5 55. Kf4 Ke6 56. Nd4+ Kd5 57. Ne2 Ke6 58. Ng3 Kd5 59. Ne4 Ke6
60. Nc3 h6 61. Ne4 Ke7 62. Nd2 Ke6 63. Nf3 Ke7 64. Ke4 Ke6 65. Nh4 Kf7 66. Kd5
h5 67. gxh5 gxh5 68. Kd6 f5 69. Ke5 1-0

[Event "Mondiale Lampo FIDE 2019"]
[Site "Mosca"]
[Date "30.12.2019"]
[Round "21.76"]
[White "Atabayev, Saparmyrat"]
[Black "Sutovsky, Emil"]
[Result "1/2-1/2"]
[WhiteTitle "IM"]
[BlackTitle "GM"]
[WhiteElo "2425"]
[BlackElo "2643"]
[WhiteFideId "14000571"]
[BlackFideId "2802007"]
[EventDate "2019.12.29"]

1. d4 Nf6 2. c4 g6 3. Nc3 d5 4. Nf3 Bg7 5. Bf4 O-O 6. e3 c5 7. dxc5 Qa5 8. Be2
dxc4 9. O-O Qxc5 10. Qd4 Qxd4 11. Nxd4 Nbd7 12. Ndb5 a6 13. Nc7 Ra7 14. Bxc4 e5
15. Bg3 b5 16. N7xb5 axb5 17. Nxb5 Ra5 18. Nd6 Ba6 19. Rfc1 Bxc4 20. Nxc4 Rd5
21. Rd1 Rc8 22. b3 Rcc5 23. f3 Rxd1+ 24. Rxd1 Rd5 25. Rxd5 Nxd5 26. Be1 Bf8 27.
e4 Nb4 28. Bxb4 Bxb4 29. Kf2 f6 30. a3 Bc3 31. b4 Kf8 32. Ke2 Ke7 33. Kd3 Bd4
34. a4 Kd8 35. a5 Kc7 36. Na3 Kc6 37. Kc4 f5 38. exf5 gxf5 39. b5+ Kd6 40. Nc2
Bg1 41. h3 e4 42. fxe4 fxe4 43. b6 e3 44. Kd3 Ne5+ 45. Ke2 Nc4 46. b7 Kc7 47. a6
Bh2 48. Nxe3 Nxe3 49. Kxe3 Kb6 50. Kf3 Kxa6 51. Kg4 Kxb7 52. Kh5 Bf4 53. g4 h6
54. h4 1/2-1/2

[Event "Mondiale Lampo FIDE 2019"]
[Site "Mosca"]
[Date "30.12.2019"]
[Round "21.77"]
[White "Guseinov, Gadir"]
[Black "Belousov, Danila"]
[Result "1-0"]
[WhiteTitle "GM"]
[BlackTitle "FM"]
[WhiteElo "2666"]
[BlackElo "2274"]
[WhiteFideId "13401378"]
[BlackFideId "4167350"]
[EventDate "2019.12.29"]

1. e4 d5 2. exd5 Qxd5 3. Nc3 Qd6 4. Nf3 Nf6 5. d4 Bg4 6. h3 Bh5 7. g4 Bg6 8. Bg2
Nc6 9. O-O e6 10. Nb5 Qd7 11. c4 a6 12. Ne5 Nxe5 13. dxe5 O-O-O 14. Na7+ Kb8 15.
Nc6+ bxc6 16. Qb3+ Kc8 17. exf6 Bc5 18. Qa4 Kb7 19. b4 Bd4 20. b5 axb5 21. cxb5 1-0

[Event "Mondiale Lampo FIDE 2019"]
[Site "Mosca"]
[Date "30.12.2019"]
[Round "21.78"]
[White "Triapishko, Alexandr"]
[Black "Huzman, Alexander"]
[Result "1-0"]
[WhiteTitle "IM"]
[BlackTitle "GM"]
[WhiteElo "2502"]
[BlackElo "2567"]
[WhiteFideId "14122286"]
[BlackFideId "2803828"]
[EventDate "2019.12.29"]

1. Nf3 Nf6 2. g3 g6 3. b3 Bg7 4. Bb2 d5 5. c4 O-O 6. cxd5 Nxd5 7. Bxg7 Kxg7 8.
Bg2 c5 9. O-O Nc6 10. d4 cxd4 11. Nxd4 Ndb4 12. Nxc6 Nxc6 13. Nc3 Qa5 14. Rc1
Be6 15. Bxc6 bxc6 16. Qd4+ Kg8 17. Na4 Rfd8 18. Qc5 Qb5 19. Qe3 Rd6 20. Rfd1
Rad8 21. Rxd6 Rxd6 22. Nc5 a5 23. f3 h5 24. Kf2 h4 25. gxh4 Qb4 26. Ne4 Rd8 27.
h5 Bf5 28. hxg6 Bxg6 29. Qc5 Bxe4 30. Qxb4 axb4 31. fxe4 Ra8 32. Rxc6 Rxa2 33.
Rb6 Kg7 34. Rxb4 Kf6 35. Rb5 Rb2 36. h4 e6 37. Kf3 Rb1 38. b4 Rb3+ 39. e3 Rb1
40. h5 Rb2 41. h6 Kg6 42. Rh5 Kh7 43. b5 e5 44. Rxe5 Kxh6 45. Rf5 Kg6 46. Kf4
Rb4 47. Rc5 f6 48. Kf3 Kf7 49. e5 f5 50. Ke2 Ke6 51. Kd3 Rb1 52. Kd2 Rb4 53. Kc3
Rb1 54. Kc4 Rb2 55. Kd4 Rb4+ 56. Kc3 Rb1 57. Kc4 Rb2 58. Rd5 Rc2+ 59. Kb3 Rc1
60. Rd2 Kxe5 61. Kb4 Ke4 62. Rf2 Rb1+ 63. Kc5 Rc1+ 64. Kd6 Rd1+ 65. Ke6 Rd5 66.
Rf4+ Kxe3 67. Kxd5 1-0

[Event "Mondiale Lampo FIDE 2019"]
[Site "Mosca"]
[Date "30.12.2019"]
[Round "21.79"]
[White "Tregubov, Pavel V."]
[Black "Ruck, Robert"]
[Result "0-1"]
[WhiteTitle "GM"]
[BlackTitle "GM"]
[WhiteElo "2588"]
[BlackElo "2530"]
[WhiteFideId "4115341"]
[BlackFideId "705713"]
[EventDate "2019.12.29"]

1. e4 c6 2. Nc3 d5 3. Nf3 Bg4 4. h3 Bxf3 5. Qxf3 Nf6 6. g3 e6 7. Bg2 Nxe4 8.
Nxe4 dxe4 9. Qxe4 Nd7 10. O-O Nf6 11. Qc4 Be7 12. d4 O-O 13. Rd1 Qb6 14. Rb1
Rad8 15. Be3 Nd5 16. Bd2 Nf6 17. c3 Rd7 18. Qe2 Rfd8 19. b4 h6 20. a4 Qc7 21.
Be1 Nd5 22. c4 Nf6 23. Bc3 Ne8 24. b5 Bf6 25. bxc6 bxc6 26. Qe1 Bxd4 27. Rxd4
Rxd4 28. Ba5 Qc8 29. Bxd8 Rxd8 30. Qe3 Qa6 31. Qc5 Qxa4 32. Bxc6 Qc2 33. Rb7 Nd6
34. Rxa7 Qxc4 35. Qb6 Rf8 36. Rd7 Nf5 37. Bf3 Qc3 38. Kg2 Qf6 39. Be4 h5 40. h4
Nh6 41. Bf3 g6 42. Qd4 Qxd4 43. Rxd4 Rc8 44. Rd7 Rc3 45. Ra7 Nf5 46. Be4 Nd6 47.
Bf3 Kg7 48. Rd7 Nf5 49. Be4 Nh6 50. Bf3 Kf6 51. Be2 Nf5 52. Bd3 Ne7 53. Be4 Rc4
54. Bf3 Nf5 55. Ra7 Nd4 56. Be4 Rb4 57. Bd3 Rb2 58. Rd7 Nc6 59. Bf1 Ne5 60. Rc7
Ng4 0-1

[Event "Mondiale Lampo FIDE 2019"]
[Site "Mosca"]
[Date "30.12.2019"]
[Round "21.80"]
[White "Kovalev, Vladislav"]
[Black "Novikov, Stanislav"]
[Result "0-1"]
[WhiteTitle "GM"]
[BlackTitle "GM"]
[WhiteElo "2662"]
[BlackElo "2531"]
[WhiteFideId "13504398"]
[BlackFideId "4125371"]
[EventDate "2019.12.29"]

1. d4 d5 2. Bf4 e6 3. e3 Bd6 4. Bg3 Nf6 5. Nd2 O-O 6. Ngf3 c5 7. c3 b6 8. Ne5
Bb7 9. Bd3 Nc6 10. f4 Ne7 11. Qb1 g6 12. Bf2 cxd4 13. exd4 Nf5 14. O-O Be7 15.
Qc2 Nd6 16. Bh4 Nfe4 17. Bxe7 Qxe7 18. Rae1 Rac8 19. Qd1 f6 20. Ng4 Kg7 21. Qe2
Qd7 22. Nf2 Nxd2 23. Qxd2 f5 24. Qe3 Ne4 25. Be2 Qa4 26. a3 Ba6 27. Bxa6 Qxa6
28. Nd3 Qb5 29. Re2 a5 30. Ne5 Rc7 31. Kh1 Qa6 32. Rg1 b5 33. g4 b4 34. gxf5
exf5 35. axb4 axb4 36. cxb4 Rb8 37. Reg2 Rxb4 38. Qh3 Rb6 39. Qxf5 Rf6 40. Qh5
Qb6 41. f5 Qxd4 42. Nxg6 Nf2+ 43. Rxf2 Qxf2 44. Nf4+ Kf8 45. Ne6+ Rxe6 46. fxe6
Rg7 47. e7+ Rxe7 48. Qh6+ Ke8 49. Qc6+ Kf8 50. Qh6+ Ke8 51. Qh5+ Qf7 52. Qh3 Qe6
53. Qd3 0-1

[Event "Mondiale Lampo FIDE 2019"]
[Site "Mosca"]
[Date "30.12.2019"]
[Round "21.81"]
[White "Galkin, Alexander"]
[Black "Gurvich, Vitaly"]
[Result "1-0"]
[WhiteTitle "GM"]
[BlackTitle "FM"]
[WhiteElo "2611"]
[BlackElo "2230"]
[WhiteFideId "4120426"]
[BlackFideId "24164852"]
[EventDate "2019.12.29"]

1. Nf3 Nf6 2. d4 g6 3. Bf4 Bg7 4. e3 O-O 5. Be2 d6 6. c4 Nc6 7. Nc3 Bf5 8. O-O
Ne4 9. Nxe4 Bxe4 10. Qb3 e5 11. dxe5 dxe5 12. Rfd1 Qe7 13. Bg3 b6 14. Bh4 Qc5
15. a3 f6 16. Qb5 g5 17. Bg3 Qxb5 18. cxb5 Ne7 19. Rd7 Ng6 20. Rxc7 Rac8 21.
Rac1 Rxc7 22. Rxc7 h6 23. h3 f5 24. Bc4+ Kh8 25. Nd2 Ba8 26. f3 e4 27. fxe4 fxe4
28. Rxa7 Bxb2 29. a4 Bc1 30. Nf1 h5 31. Bf7 Nh4 32. Bxh5 Bb2 33. Be2 Nf5 34. Be1
Bd5 35. a5 bxa5 36. Rxa5 Nd6 37. b6 Rf5 38. Ra7 Bc6 39. Rc7 Bb7 40. Rd7 Rd5 41.
Bb4 Nf5 42. Rxd5 Bxd5 43. Ba6 Bc1 44. b7 Bxb7 45. Bxb7 Nxe3 46. Bc3+ Kh7 47.
Bxe4+ Kh6 48. Nxe3 Bxe3+ 49. Kf1 Bf4 50. Bf3 Bd6 51. Bd2 Bg3 52. Ke2 Bh4 53. Kd3
Kg7 54. Ke4 Kf6 55. Bc3+ Kg6 56. Bg4 Bg3 57. Bf5+ Kh6 58. Bd2 Bb8 59. h4 Kh5 60.
hxg5 Bd6 61. Bc1 Be7 62. g6 Bf6 63. g4+ Kh4 1-0

[Event "Mondiale Lampo FIDE 2019"]
[Site "Mosca"]
[Date "30.12.2019"]
[Round "21.82"]
[White "Reshetnikov, Alexey"]
[Black "Tsvetkov, Andrey"]
[Result "1-0"]
[WhiteTitle "IM"]
[BlackTitle "FM"]
[WhiteElo "2492"]
[BlackElo "2350"]
[WhiteFideId "4162080"]
[BlackFideId "34139360"]
[EventDate "2019.12.29"]

1. b3 d5 2. Bb2 Bg4 3. d3 Nd7 4. Nd2 e5 5. Ngf3 Bd6 6. e4 c6 7. Be2 Ngf6 8. O-O
O-O 9. Nh4 Bxe2 10. Qxe2 Re8 11. Nf5 Bf8 12. Qf3 Qc7 13. Rfe1 dxe4 14. Nxe4 Nxe4
15. dxe4 f6 16. Rad1 Rad8 17. Qg4 Nc5 18. h4 Kh8 19. h5 Rxd1 20. Rxd1 Rd8 21.
Rxd8 Qxd8 22. Ba3 Ne6 23. Bxf8 Qxf8 24. Qd1 Qd8 25. Qxd8+ Nxd8 26. Nd6 Kg8 27.
Kf1 Kf8 28. Ke2 Ke7 29. Nf5+ Kf7 30. g3 g6 31. hxg6+ hxg6 32. Ne3 Ke7 33. Kd3
Ne6 34. b4 Kd7 35. a4 a6 36. a5 Nd4 37. c3 Ne6 38. Ng2 g5 39. Ne3 Kd6 40. Nc4+
Kd7 41. Ke3 Ke7 42. Kf3 Nc7 43. Nb2 Nb5 44. Na4 Kf7 45. Kg4 Nd6 46. Nc5 Ke7 47.
Kh5 Kf7 48. Kg4 Ke7 49. f4 gxf4 50. gxf4 exf4 51. Kxf4 Nb5 52. Nxb7 Nxc3 53. Nc5
Na2 54. Nxa6 Ke6 55. Nc5+ Kd6 56. a6 Kc7 57. a7 1-0

[Event "Mondiale Lampo FIDE 2019"]
[Site "Mosca"]
[Date "30.12.2019"]
[Round "21.83"]
[White "Narayanan, Srinath"]
[Black "Batchuluun, Tsegmed"]
[Result "1-0"]
[WhiteTitle "GM"]
[BlackTitle "GM"]
[WhiteElo "2529"]
[BlackElo "2530"]
[WhiteFideId "5018420"]
[BlackFideId "4900847"]
[EventDate "2019.12.29"]

1. e4 e5 2. Nf3 Nc6 3. Bb5 Nf6 4. d3 Bc5 5. O-O Nd4 6. Nxd4 Bxd4 7. c3 Bb6 8.
Na3 c6 9. Ba4 d6 10. Nc4 Bc7 11. Bc2 O-O 12. f4 exf4 13. Bxf4 d5 14. Bxc7 Qxc7
15. exd5 cxd5 16. Ne3 Qb6 17. d4 Qd8 18. Qf3 Be6 19. Rae1 b5 20. Qf4 a5 21. Qh4
Ne4 22. Qxd8 Raxd8 23. Nxd5 Bxd5 24. Bxe4 Bxa2 25. Rf5 Bc4 26. Bc6 Rb8 27. Rc5
a4 28. Ree5 f6 29. Re7 Rf7 30. Re8+ Rxe8 31. Bxe8 Rb7 32. Rc8 Be6 33. Ra8 Rc7
34. d5 Rc8 35. Rxc8 Bxc8 36. d6 1-0

[Event "Mondiale Lampo FIDE 2019"]
[Site "Mosca"]
[Date "30.12.2019"]
[Round "21.84"]
[White "Geller, Jakov"]
[Black "Makoveev, Ilya"]
[Result "0-1"]
[WhiteTitle "GM"]
[BlackTitle "FM"]
[WhiteElo "2521"]
[BlackElo "2277"]
[WhiteFideId "4151984"]
[BlackFideId "34155748"]
[EventDate "2019.12.29"]

1. e4 c5 2. Nf3 d6 3. d4 cxd4 4. Nxd4 Nf6 5. Nc3 a6 6. Be3 e5 7. Nf3 Be7 8. Bc4
O-O 9. O-O Be6 10. Qe2 Nc6 11. Rfd1 b5 12. Bb3 Qc7 13. Bg5 Nd7 14. Nd5 Bxd5 15.
exd5 Nd4 16. Nxd4 Bxg5 17. Nc6 Nc5 18. c3 f5 19. Bc2 g6 20. b4 Nd7 21. a4 bxa4
22. Rxa4 Qb6 23. Rda1 Nf6 24. Rxa6 Qb7 25. Ra7 Rxa7 26. Rxa7 Qb6 27. Qa6 Qxa6
28. Rxa6 Kh8 29. c4 e4 30. Ra7 e3 31. Kf1 Ng4 32. b5 exf2 33. b6 Be3 34. Ra1
Bxb6 0-1

[Event "Mondiale Lampo FIDE 2019"]
[Site "Mosca"]
[Date "30.12.2019"]
[Round "21.85"]
[White "Zarubitski, Viachaslau"]
[Black "Afanasiev, Nikita"]
[Result "0-1"]
[WhiteTitle "IM"]
[BlackTitle "IM"]
[WhiteElo "2451"]
[BlackElo "2517"]
[WhiteFideId "13509373"]
[BlackFideId "24183555"]
[EventDate "2019.12.29"]

1. e4 e5 2. Nf3 Nc6 3. Nc3 Nf6 4. h3 g6 5. Bc4 Bg7 6. d3 d6 7. a4 a6 8. O-O O-O
9. Nd5 Nxd5 10. Bxd5 h6 11. c3 Kh7 12. d4 Ne7 13. Bb3 f5 14. exf5 Bxf5 15. dxe5
dxe5 16. Qxd8 Raxd8 17. Re1 Nc6 18. Nh4 Bd3 19. Be3 e4 20. f4 Na5 21. Be6 Bf6
22. Bf2 Kg7 23. g4 Rde8 24. Ba2 Bxh4 25. Bxh4 Rxf4 26. Re3 Nc6 27. Bg3 g5 28.
Kg2 Ne5 29. Bb1 Nc4 30. Rxd3 exd3 31. Bxf4 gxf4 32. Bxd3 Nxb2 33. Bf1 Re3 34. c4
Kf6 35. Rb1 Rb3 36. a5 c5 37. Be2 Rb4 38. Rf1 Ke5 39. Re1 Kd4 40. Bf3 Nxc4 41.
Re4+ Kd3 42. Rxf4 Ne3+ 43. Kg3 Nf1+ 44. Kh4 Rxf4 45. Bxb7 Rf6 46. g5 hxg5+ 47.
Kxg5 Rd6 48. h4 Ng3 49. Kf4 Nh5+ 50. Ke5 Rh6 51. Be4+ Kc3 52. Kd5 Kb4 53. Bd3
Nf4+ 0-1

[Event "Mondiale Lampo FIDE 2019"]
[Site "Mosca"]
[Date "30.12.2019"]
[Round "21.86"]
[White "Carlsson, Pontus"]
[Black "Blohberger, Felix"]
[Result "1-0"]
[WhiteTitle "GM"]
[BlackTitle "IM"]
[WhiteElo "2456"]
[BlackElo "2434"]
[WhiteFideId "1705814"]
[BlackFideId "1632051"]
[EventDate "2019.12.29"]

1. e4 e5 2. Nf3 Nf6 3. d4 Nxe4 4. Bd3 d5 5. Nxe5 Nd7 6. Nxd7 Bxd7 7. O-O Bd6 8.
c4 O-O 9. cxd5 f5 10. Nc3 Qf6 11. Bxe4 fxe4 12. Nxe4 Bxh2+ 13. Kxh2 Qh4+ 14. Kg1
Qxe4 15. Qb3 Rf6 16. f3 Qe2 17. d6+ Kh8 18. Qxb7 Re8 19. Bg5 Rxd6 20. Qxc7 Rxd4
21. Rae1 Qxe1 22. Rxe1 Rxe1+ 23. Kf2 Re8 24. Qxa7 Rd5 25. Be3 h6 26. Bd4 Rf8 27.
Bc3 Kh7 28. Qb7 Rd6 29. Bb4 Bc6 30. Qe7 1-0

[Event "Mondiale Lampo FIDE 2019"]
[Site "Mosca"]
[Date "30.12.2019"]
[Round "21.87"]
[White "Potkin, Vladimir"]
[Black "Guimaraes, Diogo Duarte"]
[Result "1-0"]
[WhiteTitle "GM"]
[BlackTitle "FM"]
[WhiteElo "2583"]
[BlackElo "2322"]
[WhiteFideId "4131061"]
[BlackFideId "2112450"]
[EventDate "2019.12.29"]

1. e4 e5 2. Nf3 Nc6 3. Bb5 Nf6 4. d3 Bc5 5. Nbd2 Nd4 6. Nxd4 Bxd4 7. c3 Bb6 8.
d4 O-O 9. dxe5 Ne8 10. Nf3 d6 11. O-O c6 12. Bd3 Bg4 13. exd6 Nxd6 14. e5 Nf5
15. h3 Bxf3 16. Qxf3 Nh4 17. Qe4 Ng6 18. Kh1 Qe7 19. f4 f6 20. Bc4+ Kh8 21. e6
f5 22. Qf3 Rad8 23. Be3 Bc7 24. Rad1 b5 25. Bb3 Nh4 26. Qxc6 b4 27. Bc5 Rxd1 28.
Rxd1 Qe8 29. Qxc7 Qg6 30. Bd5 Qh5 31. Re1 1-0

[Event "Mondiale Lampo FIDE 2019"]
[Site "Mosca"]
[Date "30.12.2019"]
[Round "21.88"]
[White "Moiseenko, Vadim"]
[Black "Gutenev, Alexander"]
[Result "0-1"]
[WhiteTitle "GM"]
[BlackTitle "IM"]
[WhiteElo "2526"]
[BlackElo "2469"]
[WhiteFideId "4123700"]
[BlackFideId "4195540"]
[EventDate "2019.12.29"]

1. d4 Nf6 2. Nc3 d5 3. Bg5 Nbd7 4. e4 dxe4 5. f3 e3 6. Bxe3 e6 7. Bd3 c5 8. Nge2
cxd4 9. Nxd4 a6 10. O-O Bc5 11. Qe2 O-O 12. Rad1 Qc7 13. Kh1 Ne5 14. Ne4 Nxd3
15. Qxd3 Nxe4 16. Qxe4 Bd7 17. c3 Rad8 18. Bg5 Rde8 19. Bf4 Qc8 20. Nb3 Bc6 21.
Qe5 Be7 22. Bg3 Rd8 23. Nd4 Bd5 24. a3 Bf6 25. Qh5 g6 26. Qh6 e5 27. Nc2 Bb3 28.
Rxd8 Qxd8 29. Ne3 Bg5 30. Qh3 Bxe3 31. Bxe5 Bc4 32. Ra1 0-1

[Event "Mondiale Lampo FIDE 2019"]
[Site "Mosca"]
[Date "30.12.2019"]
[Round "21.89"]
[White "Deviatkin, Andrei"]
[Black "Xu, Xiangyu"]
[Result "1/2-1/2"]
[WhiteTitle "GM"]
[BlackTitle "GM"]
[WhiteElo "2436"]
[BlackElo "2582"]
[WhiteFideId "4121260"]
[BlackFideId "8608288"]
[EventDate "2019.12.29"]

1. e4 e5 2. Nf3 Nf6 3. Nxe5 d6 4. Nf3 Nxe4 5. d3 Nf6 6. d4 Be7 7. h3 O-O 8. Bd3
b6 9. O-O Bb7 10. Re1 Nbd7 11. Nbd2 Re8 12. Nf1 Bf8 13. Rxe8 Qxe8 14. Be3 g6 15.
Ng3 Bg7 16. c3 a5 17. a4 Qf8 18. Nh2 Re8 19. Qc2 h5 20. Re1 Re7 21. Bd2 Rxe1+
22. Bxe1 Qa8 23. f3 Bc6 24. Nhf1 Nf8 25. b3 Ne6 26. Bd2 Nd5 27. Ne4 Ndf4 28. Bb5
Bxb5 29. axb5 Qd5 30. Bxf4 Nxf4 31. Qd2 Ne6 32. Qe2 Qxb3 33. Nfd2 Qc2 34. Qc4 a4
35. Qc6 Bh6 36. Nf6+ Kg7 37. Ne8+ Kf8 38. Ne4 Be3+ 1/2-1/2

[Event "Mondiale Lampo FIDE 2019"]
[Site "Mosca"]
[Date "30.12.2019"]
[Round "21.90"]
[White "Studer, Noel"]
[Black "Yilmaz, Mustafa"]
[Result "0-1"]
[WhiteTitle "GM"]
[BlackTitle "GM"]
[WhiteElo "2546"]
[BlackElo "2604"]
[WhiteFideId "1319620"]
[BlackFideId "6302718"]
[EventDate "2019.12.29"]

1. d4 Nf6 2. c4 g6 3. Nc3 Bg7 4. e4 d6 5. h3 O-O 6. Be3 Na6 7. Nf3 c6 8. Be2 e5
9. d5 Nh5 10. g3 f5 11. exf5 gxf5 12. Bg5 Nf6 13. Qd2 c5 14. a3 Qe8 15. Nh4 Bd7
16. Qc2 e4 17. Nd1 Kh8 18. Ne3 Ng8 19. Bf4 Qe7 20. Nhg2 Nc7 21. g4 Be5 22. gxf5
Bxf5 23. O-O-O Bg6 24. Bxe5+ Qxe5 25. Ng4 Qg7 26. N2e3 Nf6 27. Nxf6 Rxf6 28. Rh2
Raf8 29. Bg4 b5 30. Rg1 bxc4 31. Bd1 Nb5 32. Qxc4 Nd4 33. h4 Rxf2 34. Rxf2 Rxf2
35. Qc3 Qe5 36. h5 Bxh5 37. Qa5 Rf8 38. Nc4 Qf4+ 39. Kb1 Qf2 40. Rh1 Bxd1 0-1

[Event "Mondiale Lampo FIDE 2019"]
[Site "Mosca"]
[Date "30.12.2019"]
[Round "21.91"]
[White "Gundavaa, Bayarsaikhan"]
[Black "Lobanov, Sergei"]
[Result "0-1"]
[WhiteTitle "GM"]
[BlackTitle "IM"]
[WhiteElo "2489"]
[BlackElo "2504"]
[WhiteFideId "4901045"]
[BlackFideId "24183750"]
[EventDate "2019.12.29"]

1. d4 Nf6 2. c4 g6 3. Nc3 d5 4. Bf4 Bg7 5. e3 O-O 6. cxd5 Nxd5 7. Nxd5 Qxd5 8.
Bxc7 Na6 9. Bxa6 Qxg2 10. Qf3 Qxf3 11. Nxf3 bxa6 12. b3 Bb7 13. Ke2 Rac8 14.
Rhc1 f6 15. Rc5 Kf7 16. Rac1 Ke6 17. Nd2 Kd7 18. Ba5 Rxc5 19. dxc5 Rc8 20. Bb4
f5 21. Nc4 Bd5 22. Rd1 Ke6 23. Na5 g5 24. Rc1 g4 25. Kf1 Be5 26. Kg1 h5 27. Nc4
Bb8 28. Nd2 h4 29. Nf1 Be5 30. Rd1 a5 31. Ba3 a4 32. bxa4 Bxa2 33. Rc1 Bd5 34.
Bb4 Bc6 35. a5 Rb8 36. Be1 Rb5 37. Ra1 0-1